000 00415nam a22001457a 4500
082 _a301.44 EIS
100 _aEisenstadt,S. N
245 _aSocial Differentiation & Stratification
260 _aLondon
_bScott, Foresman and Company
_c1971
300 _a248Pg
_b21cm
490 _aIntroduction to Modern Society Series
500 _aInclude Index
650 _aSocial Differentiation & Stratification
942 _cBK
999 _c17787
_d17787